header

Awakening the kind heart (Record no. 234839)

MARC details
000 -LEADER
fixed length control field 01275nam a2200325Ia 4500
082 04 - DEWEY DECIMAL CLASSIFICATION NUMBER
Classification number 294.3/4435
100 1# - MAIN ENTRY--AUTHOR NAME
Personal name McDonald, Kathleen,
245 10 - TITLE STATEMENT
Title Awakening the kind heart
260 ## - PUBLICATION, DISTRIBUTION, ETC. (IMPRINT)
Place of publication Boston :
Name of publisher Wisdom Publications,
Year of publication c2010.
300 ## - PHYSICAL DESCRIPTION
Number of Pages xii, 152 p.
650 #0 - SUBJECT ADDED ENTRY--TOPICAL TERM
Topical Term Compassion
Topical Term Meditation
Topical Term Spiritual life
856 40 - ELECTRONIC LOCATION AND ACCESS
Uniform Resource Identifier http://site.ebrary.com/lib/rucke/Doc?id=10433266

No items available.

© 2026 Rongo University
Contact us: librarian | system librarian | Rongo university